Statistics for Oxford Dictionaries Top 1000 English Words - 56 Start with F

Click here to take the quiz!

General Stats

  • This quiz has been taken 5,064 times
  • The average score is 28 of 56

Answer Stats

F% Correct
For
97%
Far
87%
Fall
80%
Fast
79%
From
79%
Fan
78%
Four
76%
Face
75%
Find
75%
Fun
75%
Fill
72%
Five
71%
Feel
70%
Free
70%
Fact
64%
Fine
63%
First
62%
Fly
62%
Fail
61%
Fire
61%
Form
61%
Fit
58%
Full
57%
Fear
56%
Fight
56%
Friend
56%
Foot
55%
Family
54%
Food
53%
Father
48%
Few
47%
File
46%
Film
42%
Force
42%
Follow
41%
Final
40%
Firm
38%
Future
38%
Further
37%
Finish
35%
Factor
33%
Fund
33%
Finally
32%
Front
31%
Figure
29%
Failure
28%
Feature
27%
Female
27%
Former
26%
Foreign
25%
Forward
22%
Facility
21%
Function
21%
Field
20%
Financial
19%
Focus
18%

Score Distribution

Percentile by Number Answered

Percent of People with Each Score

Your Score History

You have not taken this quiz